Child Abuse (Record no. 18529)

MARC details
000 -LEADER
fixed length control field 00510nam a2200217 a 4500
020 ## - INTERNATIONAL STANDARD BOOK NUMBER
ISBN
082 00 - DEWEY DECIMAL CLASSIFICATION NUMBER
Classification number 362.76
Author Cutter KEM
100 ## - MAIN ENTRY--AUTHOR NAME
Author name Kempe, Ruth S
245 ## - TITLE STATEMENT
Title Child Abuse
Sub title the Developing Child
260 ## - PUBLICATION, DISTRIBUTION, ETC. (IMPRINT)
Place of publication London
Name of publisher Fontana Books
Year of publication 1978
300 ## - PHYSICAL DESCRIPTION
Number of Pages 157p
500 ## - GENERAL NOTE
General note includes index and biblioraphy
505 2# - FORMATTED CONTENTS NOTE
Formatted contents note Index
942 ## - ADDED ENTRY ELEMENTS (KOHA)
Koha item type Books
Holdings
Collection code Home library Current library Date acquired Cost, normal purchase price Full call number Accession Number Koha item type
  Henry Martyn Institute Library Henry Martyn Institute Library 05/24/2005 0.00 362.76 KEM 11001312 Books
                   Copyright © 2026 | Henry Martyn Institute | Hyderabad | TS-500052 | INDIA | Implemented by hmi.edu.in
Hit-Count:

Powered by Koha